000 00835nam a22002657a 4500
001 8861
003 FISKH
005 20251023142437.0
008 251023b cb ||||| |||| 00| 0 eng d
020 _a9781730160202
040 _aFISKH
_beng
_cFISKH
_dFISKH
050 _aPZ7
082 _a823
100 _aPrakash, Ved
_eAuthor
245 _aThank you :
_bCharacter-building stories for children /
_cConceived by Ved Prakash
260 _aNew Delhi :
_bDreamland ,
_c2011
300 _a24 pages :
_bcolor illustrations ;
_c29 cm
505 _aJ
520 _aThis books contains three stories which help children understand the importance of the words "Thank you".
521 8 _a500
_bLexile estimate
521 8 _aJ
_bRaz-Plus
650 _aCharacter-building
_vThank you
942 _2ddc
_cBK
_n0
999 _c8861
_d8861